| 000 | 00354cam a2200133 4500 | ||
|---|---|---|---|
| 008 | 000000n2004 000 0 eng u | ||
| 020 | _a0851424562 | ||
| 035 | _a(Sirsi) u111121 | ||
| 100 | _aLawton, Patricia | ||
| 245 | _aInformation sources in architecture and construction. | ||
| 260 |
_aEuropa Publications _c2004 |
||
| 350 | _a37.50 | ||
| 942 | _n0 | ||
| 999 |
_c101201 _d101201 |
||